Sports Quiz

Random Sports or Numbers Quiz

AP Basketball #1 Schools Quiz Stats

Quiz Updated Jun 6, 2016

Challenge
Share
Tweet
Embed
Score 0/59 Timer 06:00
24 Plays Today
Rank School % Correct
2Duke
98%
4North Carolina
97%
1UCLA
95.7%
3Kentucky
95.5%
13Michigan
92.3%
19Florida
91.4%
5Kansas
90.9%
46Texas
90.6%
24Michigan State
89.7%
6Indiana
84.9%
8Ohio State
84.7%
8Arizona
80.7%
27Oklahoma
80%
15Syracuse
79%
24Villanova
74.7%
51Wisconsin
74%
21Virginia
73.9%
21Georgetown
73.7%
20North Carolina State
72.7%
11Connecticut
72.5%
14Illinois
71.3%
46Louisville
71%
51Oklahoma State
67.5%
51Iowa
66.4%
51Tennessee
65.9%
10UNLV
65.1%
27Kansas State
64.8%
46Alabama
63.4%
51Georgia Tech
63%
31Gonzaga
60.7%
Rank School % Correct
21Arkansas
60.3%
36Notre Dame
59.6%
43Wake Forest
58.9%
16Stanford
58.7%
43Pittsburgh
58.2%
36Oregon State
55.5%
27St. John's
53.8%
32Missouri
52.9%
51Baylor
51.5%
27West Virginia
51.1%
32Memphis
50.9%
7Cincinnati
48%
51South Carolina
47.6%
17Massachusetts
43.1%
24Houston
42.8%
43Marquette
42.4%
32Temple
37.4%
40Indiana State
36.5%
51St. Joseph's
31.6%
17DePaul
31%
32Seton Hall
29.2%
11San Francisco
27.7%
51Wichita State
24.8%
40Loyola Chicago
13.7%
40La Salle
12.3%
46St. Louis
10.9%
36Holy Cross
9.5%
36Bradley
5.9%
46Duquesne
3.3%

You're not logged in!

Compare scores with friends on all Sporcle quizzes.
Sign Up with Email
OR
Log In

You Might Also Like...

Show Comments

Extras

Top Quizzes Today


Score Distribution

Your Account Isn't Verified!

In order to create a playlist on Sporcle, you need to verify the email address you used during registration. Go to your Sporcle Settings to finish the process.